Estadísticas para Melendi - Destino o casualidad

Haz click aquí para intentar la prueba.

Estadísticas generales

  • Esta prueba ha sido intentada 88 veces
  • La puntuación promedio es 215 de 271

Estadísticas de respuestas

Letra% Correcto
a
97%
Y
95%
y
95%
de
93%
el
93%
él
93%
Él
93%
es
93%
93%
La
92%
la
92%
amor!
90%
amor.
90%
amor
90%
casualidad.
90%
destino
90%
ella
90%
Ella
90%
en
90%
mi
90%
Que
90%
qué.
90%
que
90%
al
89%
por
89%
Se
89%
se
89%
no
87%
le
85%
llamar
85%
sin
85%
sol.
85%
su
85%
con
84%
lo
84%
otros
84%
prefieren
84%
calle
82%
caminando
82%
del
82%
fue
82%
iba
82%
luna
82%
luna.
82%
mismo
82%
sus
82%
te
82%
llaman
80%
misma
80%
un
80%
algunos
79%
cuál
79%
dos
79%
Dos
79%
esto
79%
noche,
79%
noche
79%
para
79%
pasos.
79%
radio.
79%
sola
79%
amantes
77%
bailan
77%
bajo
77%
canción
77%
como
77%
compás
77%
complicado
77%
contestó
77%
convierten
77%
detalle
77%
Dios,
77%
dirección
77%
esa
77%
extraña
77%
melodía
77%
preguntó
77%
romántica
77%
sentido
77%
sido
77%
yo
77%
bailando
75%
cama.
75%
extraños
75%
pensando,
75%
Cupido
74%
daba,
74%
día.
74%
día,
74%
errante
74%
hablo
74%
hizo
74%
Los
74%
miró,
74%
oído
74%
quien
74%
Quizá
74%
vueltas
74%
dedo
72%
suspiro
72%
una
72%
buscarlo.
70%
estabas?
70%
ocupada
70%
pero
70%
tiempo
70%
todo
70%
estuve
69%
llaga
69%
malinterpretó
69%
metió
69%
seguro
69%
siento
69%
Sonó,
69%
cada
67%
pronto,
67%
sueño
67%
Bolton
66%
busqué.
66%
conspiró
66%
Durante
66%
estaban
66%
mira
66%
tanto
66%
universo
66%
abrazarlos.
64%
Michael
64%
serte
64%
sincera
64%
va
64%
faltaba
62%
hombro
62%
Aunque
61%
creyendo
61%
quedó
61%
entiendo
59%
gente
59%
les
59%
ahora
54%
cuando
54%
pasión.
54%
importe
52%
nada
52%
apoyada
51%
fuerza,
51%
alrededor.
49%
llegue
49%
verlos
49%
habrá
48%
suceda
48%
sellaré
44%
Alúmbrales
39%
brilla
38%
¿Dónde
23%
¡Qué
21%

Distribución de puntuación

Porcentaje por número respondido

Porcentaje de gente con cada puntuación

Historial de tus puntuaciones

No has intentado esta prueba.